| 000 | 00863nam a2200253Ia 4500 | ||
|---|---|---|---|
| 001 | dia_4174 | ||
| 003 | CHAP | ||
| 005 | 20251029163204.0 | ||
| 008 | 220117s1982 xx 000 0 und d | ||
| 010 | _a174807 | ||
| 040 |
_cCHAP _amxchpua _erda |
||
| 090 | _aFOLLETO 2239 | ||
| 100 |
_aOrtega Torres, Luis Carlos _983890 |
||
| 245 |
_aEl cultivo de sorgo para grano de temporal en el centro de Sinaloa / _c Luis Carlos Ortega Torres |
||
| 260 |
_aMéxico : _b Campo agrícola experimental del valle de Culiacán, _c1982 |
||
| 300 | _a11 p. | ||
| 500 | _aS/c (Folleto para productores, 14) | ||
| 650 |
_aSorgo _xCultivo _xSinaloa _9155713 |
||
| 700 |
_aCampo agrícola experimental del valle de Culiacán _9155714 |
||
| 901 | _aFOLLETO 2239 | ||
| 902 | _aM | ||
| 905 | _a0000001982 mx 0000000000spa00 | ||
| 942 |
_cFOLL _2local |
||
| 999 |
_c174807 _d174807 |
||